000 00836nam a2200253Ia 4500
003 OSt
005 20220927163030.0
006 a|||||r|||| 00| 0
007 ta
008 220923b |||||||| |||| 00| 0 eng d
020 _a8187358246
_c675.75
037 _b560, 06/03/2009, Bharatiya Sahitya Bhavana
_cGeneral Book
040 _aRTL
_cRTL
_beng
041 _2eng
_aeng
082 _aY15.274, P8
100 _aRAO Nitya
_9310202
245 0 _a'Good women do not inherit land'
_b Politics of land and gender in India
260 _a New Delhi
_bSocial science press
_c2008
300 _axiv,356p.
_ccm.
500 _aBibliography: P 328-42; Glossary:P 343-45
650 _aSociology
942 _hY15.274, P8
_cGB
_2CC
999 _c613688
_d613688